<?xml version="1.0" encoding="UTF-8"?>
<record
    xmlns:xsi="http://www.w3.org/2001/XMLSchema-instance"
    xsi:schemaLocation="http://www.loc.gov/MARC21/slim http://www.loc.gov/standards/marcxml/schema/MARC21slim.xsd"
    xmlns="http://www.loc.gov/MARC21/slim">

  <leader>01940cam a2200469 i 4500</leader>
  <controlfield tag="001">xx004858762</controlfield>
  <controlfield tag="003">NUKAT</controlfield>
  <controlfield tag="005">20260430132433.0</controlfield>
  <controlfield tag="008">200512s2019    pl a         |000 0 pol c</controlfield>
  <datafield tag="020" ind1=" " ind2=" ">
    <subfield code="a">9788380987999</subfield>
    <subfield code="q">(oprawa mi&#x119;kka)</subfield>
  </datafield>
  <datafield tag="035" ind1=" " ind2=" ">
    <subfield code="a">(OCoLC)1156657251</subfield>
  </datafield>
  <datafield tag="035" ind1=" " ind2=" ">
    <subfield code="a">(NUKAT)xx004858762</subfield>
  </datafield>
  <datafield tag="040" ind1=" " ind2=" ">
    <subfield code="a">WR U/brk</subfield>
    <subfield code="b">pol</subfield>
    <subfield code="e">rda</subfield>
    <subfield code="c">WR U/brks</subfield>
    <subfield code="d">WR U/hb</subfield>
    <subfield code="d">WA 14/ABs</subfield>
  </datafield>
  <datafield tag="045" ind1="2" ind2=" ">
    <subfield code="b">d1939</subfield>
    <subfield code="b">d1945</subfield>
  </datafield>
  <datafield tag="046" ind1=" " ind2=" ">
    <subfield code="k">2019</subfield>
  </datafield>
  <datafield tag="100" ind1="1" ind2=" ">
    <subfield code="a">Trepka, Tomasz</subfield>
    <subfield code="d">(1987- ).</subfield>
    <subfield code="e">Autor</subfield>
    <subfield code="9">41040</subfield>
  </datafield>
  <datafield tag="245" ind1="1" ind2="0">
    <subfield code="a">Ocali&#x107; od zapomnienia :</subfield>
    <subfield code="b">Kielecczyzna 1939-1945 /</subfield>
    <subfield code="c">Tomasz Trepka, Micha&#x142; Zawisza ; Instytut Pami&#x119;ci Narodowej. Komisja &#x15A;cigania Zbrodni przeciwko Narodowi Polskiemu.</subfield>
  </datafield>
  <datafield tag="246" ind1="3" ind2="0">
    <subfield code="a">Kielecczyzna 1939-1945</subfield>
  </datafield>
  <datafield tag="260" ind1=" " ind2=" ">
    <subfield code="a">Warszawa :</subfield>
    <subfield code="b">Instytut Pami&#x119;ci Narodowej. Komisja &#x15A;cigania Zbrodni przeciwko Narodowi Polskiemu,</subfield>
    <subfield code="c">2019.</subfield>
  </datafield>
  <datafield tag="300" ind1=" " ind2=" ">
    <subfield code="a">72 strony, [8] stron tablic kolorowych ;</subfield>
    <subfield code="c">21 cm.</subfield>
  </datafield>
  <datafield tag="336" ind1=" " ind2=" ">
    <subfield code="a">Tekst</subfield>
    <subfield code="b">txt</subfield>
    <subfield code="2">rdacontent</subfield>
  </datafield>
  <datafield tag="337" ind1=" " ind2=" ">
    <subfield code="a">Bez urz&#x105;dzenia po&#x15B;rednicz&#x105;cego</subfield>
    <subfield code="b">n</subfield>
    <subfield code="2">rdamedia</subfield>
  </datafield>
  <datafield tag="338" ind1=" " ind2=" ">
    <subfield code="a">Wolumin</subfield>
    <subfield code="b">nc</subfield>
    <subfield code="2">rdacarrier</subfield>
  </datafield>
  <datafield tag="380" ind1=" " ind2=" ">
    <subfield code="a">Ksi&#x105;&#x17C;ki</subfield>
  </datafield>
  <datafield tag="380" ind1=" " ind2=" ">
    <subfield code="a">Publikacje popularnonaukowe</subfield>
  </datafield>
  <datafield tag="388" ind1="1" ind2=" ">
    <subfield code="a">2001-</subfield>
  </datafield>
  <datafield tag="504" ind1=" " ind2=" ">
    <subfield code="a">Bibliografia na stronach 67-68.</subfield>
  </datafield>
  <datafield tag="648" ind1=" " ind2="7">
    <subfield code="a">1901-2000</subfield>
    <subfield code="2">DBN</subfield>
    <subfield code="9">34996</subfield>
  </datafield>
  <datafield tag="648" ind1=" " ind2="7">
    <subfield code="a">1939-1945</subfield>
    <subfield code="2">DBN</subfield>
    <subfield code="9">36042</subfield>
  </datafield>
  <datafield tag="650" ind1=" " ind2="7">
    <subfield code="a">II wojna &#x15B;wiatowa (1939-1945)</subfield>
    <subfield code="2">DBN</subfield>
    <subfield code="9">35099</subfield>
  </datafield>
  <datafield tag="650" ind1=" " ind2="7">
    <subfield code="a">Miejsca pami&#x119;ci</subfield>
    <subfield code="2">DBN</subfield>
    <subfield code="9">36927</subfield>
  </datafield>
  <datafield tag="650" ind1=" " ind2="7">
    <subfield code="a">Wojna &#x15B;wiatowa (1939-1945)</subfield>
    <subfield code="z">Polska</subfield>
    <subfield code="z">Kielce (region).</subfield>
    <subfield code="2">kaba</subfield>
    <subfield code="9">41041</subfield>
  </datafield>
  <datafield tag="651" ind1=" " ind2="7">
    <subfield code="a">Kielce (woj. &#x15B;wi&#x119;tokrzyskie ; okolice)</subfield>
    <subfield code="2">DBN</subfield>
    <subfield code="9">41038</subfield>
  </datafield>
  <datafield tag="651" ind1=" " ind2="7">
    <subfield code="a">Kielce (Polska ; region)</subfield>
    <subfield code="y">1900-1945.</subfield>
    <subfield code="2">kaba</subfield>
    <subfield code="9">41042</subfield>
  </datafield>
  <datafield tag="655" ind1=" " ind2="7">
    <subfield code="a">Opracowanie</subfield>
    <subfield code="2">DBN</subfield>
    <subfield code="9">35024</subfield>
  </datafield>
  <datafield tag="658" ind1=" " ind2=" ">
    <subfield code="a">Bezpiecze&#x144;stwo i wojskowo&#x15B;&#x107;</subfield>
  </datafield>
  <datafield tag="658" ind1=" " ind2=" ">
    <subfield code="a">Historia</subfield>
  </datafield>
  <datafield tag="700" ind1="1" ind2=" ">
    <subfield code="a">Zawisza, Micha&#x142;.</subfield>
    <subfield code="e">Autor</subfield>
    <subfield code="9">18360</subfield>
  </datafield>
  <datafield tag="710" ind1="2" ind2=" ">
    <subfield code="a">Instytut Pami&#x119;ci Narodowej - Komisja &#x15A;cigania Zbrodni przeciwko Narodowi Polskiemu.</subfield>
    <subfield code="e">Instytucja sprawcza</subfield>
    <subfield code="e">Wydawca</subfield>
    <subfield code="4">pbl</subfield>
    <subfield code="9">11792</subfield>
  </datafield>
  <datafield tag="920" ind1=" " ind2=" ">
    <subfield code="a">978-83-8098-799-9 (oprawa mi&#x119;kka)</subfield>
  </datafield>
  <datafield tag="942" ind1=" " ind2=" ">
    <subfield code="2">ddc</subfield>
    <subfield code="c">BK_NM</subfield>
  </datafield>
  <datafield tag="999" ind1=" " ind2=" ">
    <subfield code="c">27904</subfield>
    <subfield code="d">27904</subfield>
  </datafield>
  <datafield tag="952" ind1=" " ind2=" ">
    <subfield code="0">0</subfield>
    <subfield code="1">0</subfield>
    <subfield code="2">ddc</subfield>
    <subfield code="4">0</subfield>
    <subfield code="7">0</subfield>
    <subfield code="8">K_mag</subfield>
    <subfield code="a">BIP</subfield>
    <subfield code="b">BIP</subfield>
    <subfield code="d">2020-11-30</subfield>
    <subfield code="e">D-36/2020</subfield>
    <subfield code="f">D</subfield>
    <subfield code="g">17.00</subfield>
    <subfield code="i">59993</subfield>
    <subfield code="l">0</subfield>
    <subfield code="o">59993</subfield>
    <subfield code="p">IPWK24097</subfield>
    <subfield code="r">2026-04-30 13:25:21</subfield>
    <subfield code="w">2026-04-30</subfield>
    <subfield code="y">BK_NM</subfield>
  </datafield>
</record>
